00766nam a2200253Ia 4500001000900000003000500009005001700014008004100031010001100072020001800083040000900101082001900110100002200129245011900151260003300270300001100303500006700314503000800381504002800389650001400417650002000431700003000451700003100481dia_1140CHAP20230126100314.0220117s1969 xx 000 0 und d a171686 a968-24-0278-6 cCHAP a380.1 T39 1969 aTaylor, Weldon J. aMercadotecnia : un enfoque integrador /c Weldon J. Taylor y Roy T. Shaw, Jr. ; traducción Lorenzo Razo Morales aMéxico :b Trillas,c1969 a807 p. aTitulo original: Marketing. An integrated, analytical approach aC/e aIncluye bibliografías aMarketing aMercadotecnia  aRazo Morales, Lorezo, tr. aShaw, Jr., Roy T., coaut.